Le grand quizz sur Maxime - Statistiques

Statistiques générales
  • Ce quiz a été pris 9 fois
  • Le résultat moyen est 10 sur 15
Statistiques - réponses
Question Réponse % Correct
Qu'est-ce qu'il fait pour s'endormir ? Écoute des bruits de pluie
100%
Lequel n'a pas été son pseudo sur League of legends ? xXxNaruto77
100%
Il souffle dans le trou de la serrure avant d'ouvrir une porte. Faux
83%
Où aimerait-il le plus voyager ? Japon
83%
Il a déjà vu quelqu'un se faire tuer par balle. Vrai
83%
Il a rencontré le fou de la salle de sport, que lui voulait-t'il ? Il voulait le prendre en photo et le dessiner.
67%
Son film préféré ? Lalaland
67%
Sa position préférée du Kamasutra ? Missionaire 🔥
67%
Quand Maxime s'est mis en couple avec Margaux ? 24 Janvier 2020
50%
De temps en temps il fume la beuh, la beuh... mais pas que... Extasie
50%
Quelle personne existe dans sa famille ? Un grand père aviateur et climaticien
50%
Un autre oncle faisait de la bonne beuh dans son jardin. Vrai
50%
Quelles activité n'a-t'il pas fait ? Football
33%
Son guilty plaisir ? Il va à la manucure une fois par mois.
33%
Son oncle fou a tué sa tante parce qu'il pensait qu'elle était à la tête d'un cartel de drogue. Vrai
33%
Aucun quiz correspondant
Distribution des résultats
% des personnes avec chaque résultat
Percentile par nombre de réponses
Votre historique - résultats
Vous n’avez pas pris ce quiz